Les chiffres de 0 à 100 en 50 secondes (=Version Moyenne) - Statistiques

Statistiques générales
  • Ce quiz a été pris 1 189 fois
  • Le résultat moyen est 64 sur 101
Statistiques - réponses
Hint Réponse % Correct
1 1
99%
2 2
98%
3 3
98%
4 4
98%
5 5
97%
6 6
97%
7 7
96%
8 8
96%
9 9
96%
10 10
92%
12 12
92%
11 11
91%
13 13
90%
0 0
89%
14 14
89%
15 15
87%
16 16
87%
23 23
87%
17 17
85%
18 18
85%
21 21
85%
22 22
85%
19 19
84%
24 24
84%
25 25
83%
20 20
82%
26 26
82%
31 31
82%
27 27
81%
32 32
81%
28 28
80%
29 29
80%
33 33
80%
34 34
80%
30 30
79%
35 35
79%
36 36
78%
37 37
78%
38 38
77%
41 41
77%
39 39
76%
42 42
75%
43 43
74%
45 45
74%
40 40
73%
46 46
71%
47 47
71%
44 44
70%
51 51
69%
48 48
68%
49 49
68%
50 50
66%
52 52
66%
53 53
65%
54 54
65%
55 55
64%
56 56
63%
57 57
60%
61 61
60%
58 58
59%
59 59
58%
60 60
57%
62 62
57%
63 63
55%
64 64
54%
65 65
53%
66 66
52%
67 67
51%
68 68
50%
69 69
49%
71 71
49%
70 70
46%
72 72
46%
73 73
46%
74 74
44%
75 75
43%
76 76
43%
77 77
41%
78 78
41%
79 79
37%
81 81
37%
82 82
37%
80 80
36%
83 83
35%
84 84
33%
85 85
33%
86 86
32%
88 88
32%
87 87
31%
92 92
27%
89 89
26%
90 90
26%
91 91
25%
93 93
24%
94 94
22%
99 99
21%
95 95
20%
96 96
20%
97 97
20%
98 98
20%
100 100
16%
Aucun quiz correspondant
Distribution des résultats
% des personnes avec chaque résultat
Percentile par nombre de réponses
Votre historique - résultats
Vous n’avez pas pris ce quiz